Elementos de pedagojía i didáctica: fundados en la filosofía i psicolojía contemporáneas

Na minha lista:
Detalhes bibliográficos
Autor principal: Barth, Pablo (Author)
Formato: Livro
Idioma:espanhol
Publicado em: Santiago Fiscal de la Penitenciaria 1919
Assuntos:
Tags: Adicionar Tag
Sem tags, seja o primeiro a adicionar uma tag!

MARC

LEADER 00000nam a2200000 a 4500
001 UCZ8639
003 CL-VaPUC
008 960125e19190000CL |||||||||||||||||spa|d
082 0 4 |a 370.1  |b BAR  |2 21 
100 0 |a Barth, Pablo  |e author  |9 354006 
245 1 0 |a Elementos de pedagojía i didáctica: fundados en la filosofía i psicolojía contemporáneas 
300 |a v 
942 |c BK 
945 |d 19960125 00:00:00  |a cmena 
260 |a Santiago  |b Fiscal de la Penitenciaria  |c 1919 
650 0 |a Educación  |9 258661 
650 0 |a Enseñanza  |9 256457 
650 0 |a Filosofía de la educación   |9 258384 
650 0 |a Psicología educacional   |9 307830 
650 0 |a Ética  |9 255099 
650 0 |a Voluntad  |9 307812 
650 0 |a Cultura  |9 269059 
583 |a last modification  |c 19960125 00:00:00  |k Rodrigo Vera 
999 |c 244496  |d 244494 
952 |0 0  |1 0  |4 0  |6 370_100000000000000_BAR_1919  |7 0  |8 P  |9 258581  |a BIBEDU  |b BIBEDU  |c BIBEDU_PB  |d 2019-11-19  |h v.1  |i 1618296  |o 370.1 BAR 1919  |p 1618296  |r 2024-01-25  |w 2019-11-19  |y BK  |k EDU